<?xml version="1.0" encoding="UTF-8"?>
<record
    xmlns:xsi="http://www.w3.org/2001/XMLSchema-instance"
    xsi:schemaLocation="http://www.loc.gov/MARC21/slim http://www.loc.gov/standards/marcxml/schema/MARC21slim.xsd"
    xmlns="http://www.loc.gov/MARC21/slim">

  <leader>01466nam a2200385 u 4500</leader>
  <controlfield tag="001">123218</controlfield>
  <controlfield tag="005">20260506072651.0</controlfield>
  <controlfield tag="008">970403s1997                        spa  </controlfield>
  <datafield tag="020" ind1=" " ind2=" ">
    <subfield code="a">9507012559</subfield>
  </datafield>
  <datafield tag="035" ind1=" " ind2=" ">
    <subfield code="a">123218</subfield>
  </datafield>
  <datafield tag="035" ind1=" " ind2=" ">
    <subfield code="a">(OCoLC)777966561</subfield>
  </datafield>
  <datafield tag="040" ind1=" " ind2=" ">
    <subfield code="c">comduadb</subfield>
  </datafield>
  <datafield tag="041" ind1=" " ind2=" ">
    <subfield code="a">spa</subfield>
  </datafield>
  <datafield tag="080" ind1=" " ind2=" ">
    <subfield code="a">JJ</subfield>
  </datafield>
  <datafield tag="082" ind1=" " ind2="4">
    <subfield code="a">372</subfield>
  </datafield>
  <datafield tag="100" ind1="1" ind2="0">
    <subfield code="a">Minnick Santa, Carol</subfield>
    <subfield code="4">aut</subfield>
    <subfield code="e">aut</subfield>
    <subfield code="9">273297</subfield>
  </datafield>
  <datafield tag="245" ind1="1" ind2="4">
    <subfield code="a">Una did&#xE1;ctica de las ciencias : procesos y aplicaciones</subfield>
  </datafield>
  <datafield tag="250" ind1=" " ind2=" ">
    <subfield code="a">2. ed.</subfield>
  </datafield>
  <datafield tag="260" ind1=" " ind2=" ">
    <subfield code="a">Argentina :</subfield>
    <subfield code="b">Aique Grupo Editor,</subfield>
    <subfield code="c">1997.</subfield>
  </datafield>
  <datafield tag="300" ind1=" " ind2=" ">
    <subfield code="a">311 p&#xE1;ginas</subfield>
  </datafield>
  <datafield tag="490" ind1="0" ind2=" ">
    <subfield code="a">Did&#xE1;ctica</subfield>
  </datafield>
  <datafield tag="500" ind1=" " ind2=" ">
    <subfield code="a">Donacion Fac. de Artes, jul/95.</subfield>
  </datafield>
  <datafield tag="520" ind1="3" ind2=" ">
    <subfield code="a">El texto recopila una serie de art&#xED;culos inspirados en investigaciones acerca de la alfabetizaci&#xF3;n cient&#xED;fica, escritos por docentes de ciencia y lengua de y para todos los niveles de ense&#xF1;anza, ofrece nuevas propuestas did&#xE1;cticas que dan respuesta a sus inquietudes y a sus impotencias mediante un nuevo enfoque sobre el proceso de lectura.</subfield>
  </datafield>
  <datafield tag="650" ind1=" " ind2="7">
    <subfield code="a">Ciencia</subfield>
    <subfield code="2">lemb</subfield>
    <subfield code="9">1783</subfield>
  </datafield>
  <datafield tag="650" ind1=" " ind2="7">
    <subfield code="a">Ense&#xF1;anza</subfield>
    <subfield code="2">unescot</subfield>
    <subfield code="9">51811</subfield>
  </datafield>
  <datafield tag="650" ind1=" " ind2=" ">
    <subfield code="a">Libros de texto</subfield>
    <subfield code="9">42888</subfield>
  </datafield>
  <datafield tag="650" ind1=" " ind2=" ">
    <subfield code="a">Cambio conceptual</subfield>
    <subfield code="9">41525</subfield>
  </datafield>
  <datafield tag="650" ind1=" " ind2=" ">
    <subfield code="a">Did&#xE1;ctica de las ciencias</subfield>
    <subfield code="9">37814</subfield>
  </datafield>
  <datafield tag="650" ind1=" " ind2=" ">
    <subfield code="a">Educaci&#xF3;n cient&#xED;fica</subfield>
    <subfield code="9">62457</subfield>
  </datafield>
  <datafield tag="650" ind1=" " ind2=" ">
    <subfield code="a">Resoluci&#xF3;n de problemas</subfield>
    <subfield code="9">28985</subfield>
  </datafield>
  <datafield tag="650" ind1=" " ind2=" ">
    <subfield code="a">Conocimientos previos</subfield>
    <subfield code="9">49526</subfield>
  </datafield>
  <datafield tag="650" ind1=" " ind2=" ">
    <subfield code="a">Mapas conceptuales</subfield>
    <subfield code="9">26407</subfield>
  </datafield>
  <datafield tag="700" ind1="1" ind2="0">
    <subfield code="a">Alvermann, Donna E.</subfield>
    <subfield code="4">com</subfield>
    <subfield code="e">com</subfield>
    <subfield code="9">273298</subfield>
  </datafield>
  <datafield tag="942" ind1=" " ind2=" ">
    <subfield code="c">BOOK</subfield>
  </datafield>
  <datafield tag="999" ind1=" " ind2=" ">
    <subfield code="c">66786</subfield>
    <subfield code="d">66786</subfield>
  </datafield>
  <datafield tag="952" ind1=" " ind2=" ">
    <subfield code="0">0</subfield>
    <subfield code="1">0</subfield>
    <subfield code="4">0</subfield>
    <subfield code="7">0</subfield>
    <subfield code="8">GEN</subfield>
    <subfield code="a">BC</subfield>
    <subfield code="b">BC</subfield>
    <subfield code="d">1997-04-03</subfield>
    <subfield code="i">C178692</subfield>
    <subfield code="l">0</subfield>
    <subfield code="o">372.35 D555</subfield>
    <subfield code="p">61000000876132</subfield>
    <subfield code="r">2023-04-21 00:00:00</subfield>
    <subfield code="t">1</subfield>
    <subfield code="w">2023-04-21</subfield>
    <subfield code="y">BOOK</subfield>
  </datafield>
  <datafield tag="952" ind1=" " ind2=" ">
    <subfield code="0">0</subfield>
    <subfield code="1">0</subfield>
    <subfield code="4">0</subfield>
    <subfield code="7">0</subfield>
    <subfield code="8">GEN</subfield>
    <subfield code="a">BC</subfield>
    <subfield code="b">BC</subfield>
    <subfield code="d">1999-07-27</subfield>
    <subfield code="g">32000.00</subfield>
    <subfield code="i">C552013</subfield>
    <subfield code="l">0</subfield>
    <subfield code="o">372.35 D555 e2</subfield>
    <subfield code="p">6-10000003131774</subfield>
    <subfield code="r">2023-04-21 00:00:00</subfield>
    <subfield code="t">2</subfield>
    <subfield code="w">2023-04-21</subfield>
    <subfield code="y">BOOK</subfield>
  </datafield>
  <datafield tag="952" ind1=" " ind2=" ">
    <subfield code="0">0</subfield>
    <subfield code="1">0</subfield>
    <subfield code="4">0</subfield>
    <subfield code="7">0</subfield>
    <subfield code="8">GENERAL</subfield>
    <subfield code="a">CEDED</subfield>
    <subfield code="b">CEDED</subfield>
    <subfield code="d">2005-12-09</subfield>
    <subfield code="i">C891664</subfield>
    <subfield code="l">0</subfield>
    <subfield code="o">JJ/0160 e1</subfield>
    <subfield code="p">0591834</subfield>
    <subfield code="r">2023-04-21 00:00:00</subfield>
    <subfield code="t">3</subfield>
    <subfield code="w">2023-04-21</subfield>
    <subfield code="y">BOOK</subfield>
  </datafield>
  <datafield tag="952" ind1=" " ind2=" ">
    <subfield code="0">0</subfield>
    <subfield code="1">0</subfield>
    <subfield code="4">0</subfield>
    <subfield code="7">0</subfield>
    <subfield code="8">GENERAL</subfield>
    <subfield code="a">CEDED</subfield>
    <subfield code="b">CEDED</subfield>
    <subfield code="d">2005-12-09</subfield>
    <subfield code="i">C891665</subfield>
    <subfield code="l">0</subfield>
    <subfield code="o">JJ/0160 e2</subfield>
    <subfield code="p">0591835</subfield>
    <subfield code="r">2023-04-21 00:00:00</subfield>
    <subfield code="t">4</subfield>
    <subfield code="w">2023-04-21</subfield>
    <subfield code="y">BOOK</subfield>
  </datafield>
  <datafield tag="952" ind1=" " ind2=" ">
    <subfield code="0">0</subfield>
    <subfield code="1">0</subfield>
    <subfield code="2">ddc</subfield>
    <subfield code="4">0</subfield>
    <subfield code="7">0</subfield>
    <subfield code="8">GENERAL</subfield>
    <subfield code="a">CARME</subfield>
    <subfield code="b">CARME</subfield>
    <subfield code="d">2007-11-28</subfield>
    <subfield code="e">Material adquirido por donaci&#xF3;n</subfield>
    <subfield code="f">DONA</subfield>
    <subfield code="g">17000.00</subfield>
    <subfield code="i">C975268</subfield>
    <subfield code="l">0</subfield>
    <subfield code="o">372.35 D555</subfield>
    <subfield code="p">01116547</subfield>
    <subfield code="r">2023-04-21 00:00:00</subfield>
    <subfield code="t">5</subfield>
    <subfield code="w">2023-04-21</subfield>
    <subfield code="y">BOOKR</subfield>
  </datafield>
  <datafield tag="952" ind1=" " ind2=" ">
    <subfield code="0">0</subfield>
    <subfield code="1">0</subfield>
    <subfield code="4">0</subfield>
    <subfield code="7">0</subfield>
    <subfield code="8">GENERAL</subfield>
    <subfield code="a">SCDM</subfield>
    <subfield code="b">SCDM</subfield>
    <subfield code="d">2008-05-07</subfield>
    <subfield code="i">C1000464</subfield>
    <subfield code="l">0</subfield>
    <subfield code="o">372.35 D555</subfield>
    <subfield code="p">6-10000003258203</subfield>
    <subfield code="r">2023-04-21 00:00:00</subfield>
    <subfield code="t">6</subfield>
    <subfield code="w">2023-04-21</subfield>
    <subfield code="y">BOOK</subfield>
  </datafield>
  <datafield tag="952" ind1=" " ind2=" ">
    <subfield code="0">0</subfield>
    <subfield code="1">0</subfield>
    <subfield code="2">ddc</subfield>
    <subfield code="4">0</subfield>
    <subfield code="7">0</subfield>
    <subfield code="8">GENERAL</subfield>
    <subfield code="a">CARME</subfield>
    <subfield code="b">CARME</subfield>
    <subfield code="d">2009-05-04</subfield>
    <subfield code="e">Material adquirido por donaci&#xF3;n</subfield>
    <subfield code="f">DONA</subfield>
    <subfield code="g">17000.00</subfield>
    <subfield code="i">C1044809</subfield>
    <subfield code="l">0</subfield>
    <subfield code="o">372.35 D555 e2</subfield>
    <subfield code="p">01116537</subfield>
    <subfield code="r">2023-04-21 00:00:00</subfield>
    <subfield code="t">7</subfield>
    <subfield code="w">2023-04-21</subfield>
    <subfield code="y">BOOK</subfield>
  </datafield>
</record>
